000 00794nam a2200277Ia 4500
003 OSt
005 20221006144230.0
006 a|||||r|||| 00| 0
007 ta
008 221006b |||||||| |||| 00| 0 eng d
020 _a0231052995
_c309.10
024 _a11,207
037 _cTextual
040 _aEASL
_cEASL
_beng
041 _2eng
_aeng
082 _aT2:4,6.41.N8, M2
100 _aUNGER Jonathan
245 0 _aEducation under Mao
_b Class and competition in canton schools, 1960-1980
260 _aNew York
_bColumbia University Press
_c1982
300 _a308p.
_ccm.
490 _v CEL
650 _a CEL
650 _aEducation - China - canton - history
_9651188
942 _hT2:4,6.41.N8, M2
_cTEXL
_2CC
999 _c1079293
_d1079293